000 01747cam a2200133 4500500
005 20251214004407.0
041 _afre
042 _adc
100 1 0 _aThiébot, Emmanuel
_eauthor
245 0 0 _aPropaganda Hitler : Du "sauveur" au monstre, les 1000 visages du Führer
260 _bArmand Colin,
_c2022.
520 _aSous quel jour les Français, les Allemands, les Américains, ont-ils vu Adolf Hitler pendant la Seconde Guerre mondiale ? Lorsque la propagande s’en mêle, le Führer revêt ses 1 000 visages.En Allemagne, dès 1933, ce dernier tire les ficelles de l’endoctrinement national ; son effigie idéalisée est partout : sur les timbres-poste, dans le coffre à jouet des enfants, dans les magazines de décoration les plus en vogue… La manipulation des esprits orchestrée par l’État nazi se joue dans le quotidien des Allemands.Dans le camp allié, si certains n’ont pas compris l’ampleur de la menace qu’il représentait après son accession au pouvoir, à l’entrée en guerre en 1939, on s’active unanimement contre lui : distribution de tracts, d’affiches, de caricatures, diffusion de photos censurées par le régime nazi ou de livres à charge. Tous les moyens sont employés pour montrer la cruauté de sa doctrine, les conséquences désastreuses de sa politique et le ridicule du personnage.L’auteur nous révèle les mécanismes complexes de cette guerre des images en décryptant et recontextualisant plus de 350 documents, souvent inédits ou oubliés des historiens, qui montrent l’imagination sans borne des propagandistes de la montée au pouvoir à la mort d’Hitler.
856 4 1 _uhttps://shs.cairn.info/propaganda-hitler--9782200633684?lang=fr&redirect-ssocas=7080
999 _c1568510
_d1568510